Sports Quiz

Random Sports or NFL Quiz
Score 0/44 Timer 20:00
0 Plays Today
Year Answer % Correct
1998Peyton Manning
91.8%
2004Eli Manning
91.1%
2012Andrew Luck
84.2%
2005Alex Smith
83.6%
1985Bruce Smith
82.9%
2011Cam Newton
81.5%
2009Matthew Stafford
78.8%
2006Mario Williams
78.8%
2010Sam Bradford
75.3%
1983John Elway
75.3%
2007Jamarcus Russell
71.9%
2001Michael Vick
68.5%
1999Tim Couch
67.1%
1996Keyshawn Johnson
65.1%
1989Troy Aikman
64.4%
2008Jake Long
63%
2002David Carr
62.3%
2013Eric Fisher
61.6%
2000Courtney Brown
61%
2003Carson Palmer
58.9%
1986Bo Jackson
56.8%
1995Ki-Jana Carter
50.7%
Year Answer % Correct
1987Vinny Testaverde
49.3%
1970Terry Bradshaw
47.9%
1993Drew Bledsoe
47.3%
1990Jeff George
46.6%
1974Ed Jones
45.2%
1997Orlando Pace
44.5%
1971Jim Plunkett
36.3%
1981George Rogers
34.9%
1991Russell Maryland
33.6%
1978Earl Campbell
33.6%
1988Aundray Bruce
32.9%
1982Kenneth Sims
32.9%
1980Billy Sims
32.9%
1994Dan Wilkinson
30.1%
1984Irving Fryar
25.3%
1992Steve Emtman
24.7%
1976Lee Roy Selmon
22.6%
1977Ricky Bell
17.8%
1975Steve Bartkowski
17.8%
1979Tom Cousineau
15.8%
1972Walt Patulski
15.1%
1973John Matuszak
12.3%
Remove Ads.
Support Sporcle.
Get the best of Sporcle when you Go Orange. This ad-free experience offers more features, more stats, and more fun while also helping to support Sporcle. Thank you for becoming a member.

You're not logged in!

Compare scores with friends on all Sporcle quizzes.
OR
Log In

Show Comments

Extras

Created Sep 23, 2013ReportNominate
Tags:NFL Quiz, 1970s, Overall

Top Quizzes Today


Score Distribution

Your Account Isn't Verified!

In order to create a playlist on Sporcle, you need to verify the email address you used during registration. Go to your Sporcle Settings to finish the process.

Report this User

Report this user for behavior that violates our Community Guidelines.

Details: